Egy vacsorán született meg a C-vitamin… – mondja Szent-Györgyi Albert professzor, a Nobel-díj nyertese
Fényképek: Dr. Szent-Györgyi Albert (Ketész felv. – Szent-Györgyi csokornyakkendővel és csíkos selyemsállal); Szent-Györgyi professzor munkában Rusznyák István tanárral (Balassa felv.); A nagyhírű tudós, aki szenvedélyes teniszező, végigdrukkol egy teniszmérkőzést (Liebmann felv.)...
Elmentve itt :
| Szerző: | |
|---|---|
| Dokumentumtípus: | Cikk |
| Megjelent: |
1937-11-06
|
| Sorozat: | Délibáb
11 No. 45 |
| Kulcsszavak: | Rusznyák István, Szent-Györgyi Albert, C-vitamin,Nobel-díj |
| Online Access: | http://misc.bibl.u-szeged.hu/72296 |
| LEADER | 01051nab a2200193 i 4500 | ||
|---|---|---|---|
| 001 | misc72296 | ||
| 005 | 20231221161333.0 | ||
| 008 | 231221s1937 hu o 000 hun d | ||
| 040 | |a SZTE Miscellanea Repozitórium |b hun | ||
| 041 | |a hun | ||
| 100 | 1 | |a Ráthonyi János | |
| 245 | 1 | 0 | |a Egy vacsorán született meg a C-vitamin… – mondja Szent-Györgyi Albert professzor, a Nobel-díj nyertese |h [elektronikus dokumentum] / |c Ráthonyi János |
| 260 | |c 1937-11-06 | ||
| 300 | |a 34-35 | ||
| 490 | 0 | |a Délibáb |v 11 No. 45 | |
| 520 | 3 | |a Fényképek: Dr. Szent-Györgyi Albert (Ketész felv. – Szent-Györgyi csokornyakkendővel és csíkos selyemsállal); Szent-Györgyi professzor munkában Rusznyák István tanárral (Balassa felv.); A nagyhírű tudós, aki szenvedélyes teniszező, végigdrukkol egy teniszmérkőzést (Liebmann felv.) | |
| 561 | |a Szent-Györgyi Albertről szóló irodalom | ||
| 695 | |a Rusznyák István, Szent-Györgyi Albert, C-vitamin,Nobel-díj | ||
| 856 | 4 | 0 | |u http://misc.bibl.u-szeged.hu/72296/1/szgya_1937_018.pdf |z Dokumentum-elérés |